BESSin tuotanto - Statistics

Yleistilastot
  • Tätä visaa on pelattu 5 kertaa
  • Keskiarvotulos 12 / 46
Vastaustilastot
Albumi Vastaus % Oikein
KÄDET YLÖS Ram pam pam
100%
ULTRAVIOLETTI Kaistaa
80%
Single Missio
60%
KÄDET YLÖS Sammumaton
60%
KÄDET YLÖS Kädet ylös
40%
Single Riivattu
40%
BESS Tempo
40%
BESS 5xO
20%
KÄDET YLÖS Aja
20%
KÄDET YLÖS Ajatustenlukija
20%
ULTRAVIOLETTI Anna tulla
20%
KÄDET YLÖS Enemmän
20%
BESS En haluu rakastuu
20%
BESS En Pysty Lopettaa
20%
BESS Feng Shui
20%
BESS Irti
20%
ULTRAVIOLETTI Kuuhun ja takas
20%
BESS Kuuma
20%
ULTRAVIOLETTI Kyyneleet sateessa
20%
KÄDET YLÖS Lähtee käsistä
20%
BESS Läpinäkyvää
20%
Single Melodia
20%
BESS Moi
20%
ULTRAVIOLETTI Ollaan läsnä
20%
KÄDET YLÖS Palaa
20%
Single Paremmin ku kukaan muu
20%
Single Peace
20%
KÄDET YLÖS Pidä mun drinkkii
20%
BESS Pidä musta kii
20%
ULTRAVIOLETTI Pyhää
20%
KÄDET YLÖS Rakastan en rakasta
20%
ULTRAVIOLETTI Saanko mä luvan
20%
KÄDET YLÖS Sä et tanssi yksinään
20%
ULTRAVIOLETTI Sateentekijä
20%
ULTRAVIOLETTI S.E.I.S
20%
KÄDET YLÖS Sinä ja minä
20%
ULTRAVIOLETTI Suutele mun silmii
20%
BESS Syntymähumalassa
20%
BESS Uneton
20%
KÄDET YLÖS Uus riippuvuus
20%
ULTRAVIOLETTI UV
20%
KÄDET YLÖS Valoo
20%
ULTRAVIOLETTI Vapaudun
20%
Single Viisi kesää
20%
BESS Yhden Liikaa
20%
BESS Yöeläin
20%
Ehtoja vastaavia visoja ei löytynyt
Tulosjakauma
Jokaisen tuloksen saaneiden osuus
Persentiili vastausten määrän mukaan
Tuloshistoriasi
Et ole pelannut tätä visaa